[Event "Genova Val Bisagno 2nd"]
[Site "Genova"]
[Date "2001.11.??"]
[Round "1"]
[White "Abbondanza, Christian"]
[Black "Latta, Federico"]
[Result "0-1"]
[WhiteElo "1374"]
[BlackElo "1612"]
[PlyCount "83"]
[EventDate "2001.11.??"]
[EventType "swiss"]
[EventRounds "6"]
[EventCountry "ITA"]
[SourceTitle "EXT 2024"]
[Source "ChessBase"]
[SourceDate "2023.10.10"]
[SourceVersion "1"]
[SourceVersionDate "2023.10.10"]
[SourceQuality "1"]

1. e4 d6 2. d4 Nf6 3. Nc3 g6 4. f4 Bg7 5. Be2 c5 6. dxc5 Qa5 7. Bd2 Qxc5 8. Rb1 0-0 9. Bf3 Rd8 10. Qe2 Nc6 11. Qb5 Qxb5 12. Nxb5 e5 13. a3 a6 14. Nc7 Rb8 15. c3 Rd7 16. Nd5 Nxd5 17. exd5 Na5 18. b3 b6 19. c4 Nb7 20. Ne2 Nc5 21. Nc1 e4 22. Be2 Bd4 23. Kd1 e3 24. Bg4 f5 25. Bf3 exd2 26. Kxd2 Re7 27. Ne2 Be3+ 28. Kc2 a5 29. b4 axb4 30. axb4 Na6 31. Kc3 b5 32. c5 dxc5 33. d6 Rd7 34. Rhd1 cxb4+ 35. Rxb4 Nxb4 36. Kxb4 Bb7 37. Bxb7 Rbxb7 38. Rd3 Ba7 39. Nc3 Bb8 40. Nxb5 Bxd6+ 41. Rxd6 Rxd6 42. Kc5 0-1

[Event "Genova op 4th"]
[Site "Genova"]
[Date "2000.08.09"]
[Round "3"]
[White "Bernasconi, Roberto"]
[Black "Latta, Federico"]
[Result "0-1"]
[WhiteElo "1491"]
[BlackElo "1509"]
[PlyCount "78"]
[EventDate "2000.08.07"]
[EventType "swiss"]
[EventRounds "11"]
[EventCountry "ITA"]
[SourceTitle "EXT 2024"]
[Source "ChessBase"]
[SourceDate "2023.10.10"]
[SourceVersion "1"]
[SourceVersionDate "2023.10.10"]
[SourceQuality "1"]

1. e4 d6 2. d4 Nf6 3. Nc3 g6 4. f4 Bg7 5. Nf3 c5 6. Bd3 cxd4 7. Nxd4 Qb6 8. Nce2 Ng4 9. h3 Bxd4 10. Nxd4 Nf6 11. c3 0-0 12. Qb3 Qc5 13. Bd2 Nc6 14. Nxc6 bxc6 15. Qc2 e5 16. 0-0-0 Be6 17. Qa4 Rfb8 18. Rhe1 Qb6 19. Qa3 Nd7 20. Be3 c5 21. f5 gxf5 22. exf5 Bd5 23. Bf1 Be4 24. g4 Rb7 25. Rd2 Rab8 26. Ba6 Rc7 27. Red1 d5 28. Re1 d4 29. Bxd4 cxd4 30. Rxe4 dxc3 31. Rd1 cxb2+ 32. Kb1 Qf2 33. Re2 Rc1+ 34. Rxc1 bxc1Q+ 35. Kxc1 Qf1+ 36. Kd2 Qf4+ 37. Re3 Qd4+ 38. Ke2 Rb2+ 39. Kf3 Qf4# 0-1